| 000 | 00853nab a2200253 u 4500 | ||
|---|---|---|---|
| 001 | 14656 | ||
| 003 | HDC | ||
| 007 | cr bn ---aaaaa | ||
| 008 | 210215c xx dr|noo 0 a eng d | ||
| 040 | _aHDC | ||
| 100 |
_aCK TAN, _eauthor _915118 |
||
| 245 | 0 |
_aSime Darby, MMC team up for halal exports to China / _cby CK TAN |
|
| 260 |
_a[No place] : _b[publisher not identified], _c[no date] |
||
| 336 |
_atext _2rdacontent |
||
| 337 |
_acomputer _2rdamedia |
||
| 338 |
_aonline resource _2rdacarrier |
||
| 650 |
_aExports _zMalaysia _zChina _915119 |
||
| 650 |
_aMuslims _9247 |
||
| 710 | _aNikkei Asian Review | ||
| 856 | _zRequest full-text at [email protected] | ||
| 942 | _2lcc | ||
| 942 | _cNEWS | ||
| 942 | _kNWSO 004138 | ||
| 999 |
_c11972 _d11972 |
||